Perspectivas de la democracia en Honduras /

Uloženo v:
Podrobná bibliografie
Hlavní autor: Espinal, German
Další autoři: Paz Aguilar, Ernesto
Médium: Text
Vydáno: Panamá
Tagy: Přidat tag
Žádné tagy, Buďte první, kdo vytvoří štítek k tomuto záznamu!

MARC

LEADER 00000 a a2200000 04500
001 21568
003
040
090 |a 095600  
100 |a Espinal, German  
245 |a Perspectivas de la democracia en Honduras /  |c German Espinal 
260 |a Panamá  
300 |a 9 p.  
700 |a Paz Aguilar, Ernesto  
999 |c 11555  |d 11555